000 00979cam a2200289 a 4500
999 _c6789
_d6789
001 84451
003 GBCCL
005 20241126110611.0
008 730808s1974 miu b 001 0 eng
010 _a 73076529 //r83
020 _a0802823408
035 _a(OCoLC)00855036
040 _aDLC
_cDLC
_dLBB
049 _aLBBK
_c1-3
_aLBBT
_aLBBU
_aLBBC
_c1-2
_aLBBA
_c1-4
050 0 _aBS2585.3
_b.L36
082 0 _a225.77
_bNEW
090 _aBS2585.3
_b.L36
130 0 _aBible.
_pN.T.
_pMark.
_lEnglish.
_f1974.
_912174
245 1 4 _aThe Gospel according to Mark :
_bthe English text with introduction, exposition, and notes /
_cby William L. Lane.
260 _aGrand Rapids :
_bEerdmans,
_cc1974.
300 _axvi, 652 p. ;
_c23 cm.
440 0 _aThe New international commentary on the New Testament
_99874
504 _aIncludes bibliographical references.
630 0 0 _aBible.
_pN.T.
_pMark
_vCommentaries.
_93987
700 1 _aLane, William L.,
_d1931-
_912175
942 _2ddc
_cREF